=LDR 00000nam 2200000 4500 =001 INLIS000000000045199 =005 20150105130310.0 =006 =007 =008 =020 ##$$a 978-979-29-0220-4 =035 ##$$0010-011500000000025 =040 ##$$a Ind =082 ##$$a 658.8 =090 ##$$a 658.8 Suy m =100 ##$$a Suyanto,M =245 ##$$a marketing strategy =250 ##$$a Ed . I =260 ##$$a Yogayakarta =440 ##$$a top brand indonesia =850 ##$$a NBPDMAT =990 ##$$a 0001/BPAP-NTB/20142015 =990 ##$$a 0121/BPAP-NTB/2015